书目信息 |
| 题名: |
强国之道
|
|
| 作者: | 理纯 著 | |
| 分册: | ||
| 出版信息: | 北京 中国商业区出版社 2006 |
|
| 页数: | 176页 | |
| 开本: | ||
| 丛书名: | ||
| 单 册: | ||
| 中图分类: | D569 , F11 | |
| 科图分类: | ||
| 主题词: | 社会发展--研究--世界 , 经济发展--研究--世界 , 经济发展 , 社会发展 | |
| 电子资源: | ||
| ISBN: | 7-5044-5751-5 | |
| 000 | 00848nam0 2200289 450 | |
| 000 | 00854nam0 2200289 450 | |
| 000 | 00787nam0 2200265 450 | |
| 000 | 00751nam0 2200253 45 | |
| 005 | 20070517173848.57 | |
| 010 | @a7-5044-5751-5@dCNY22.00 | |
| 100 | @a20070312d2006 em y0chiy0120 ea | |
| 101 | 0 | @achi |
| 102 | @aCN@b110000 | |
| 105 | @ay z 000yy | |
| 200 | 1 | @a强国之道@Aqiang guo zhi dao@f理纯著 |
| 210 | @a北京@c中国商业区出版社@d2006 | |
| 215 | @a176页@21cm | |
| 330 | @a本书分为强不是富,强不是大、世界历史上的一代而强、强在于每个人的本分、从本分角度看吴起之强等内容。 | |
| 606 | 0 | @a社会发展@x研究@y世界 |
| 606 | 0 | @a经济发展@x研究@y世界 |
| 606 | 0 | @a经济发展 |
| 606 | 0 | @a社会发展 |
| 690 | @aD569@v4 | |
| 690 | @aF11@v4 | |
| 701 | 0 | @a理纯@Ali chun@4著 |
| 801 | 0 | @aCN@bTAOJIN@c20070517 |
| 905 | @a10447@dD569@e152 | |
| 强国之道/理纯著.-北京:中国商业区出版社,2006 |
| 176页 |
| ISBN 7-5044-5751-5:CNY22.00 |
| 本书分为强不是富,强不是大、世界历史上的一代而强、强在于每个人的本分、从本分角度看吴起之强等内容。 |
| ● |
| 相关链接 |
|
|
|
|
正题名:强国之道
索取号:D569/152
 
预约/预借
| 序号 | 登录号 | 条形码 | 馆藏地/架位号 | 状态 | 备注 |
| 1 | 0521211 | 205212116 | 第一样本阅览室/ [索取号:D569/152] | 在馆 | |
| 2 | 0521212 | 205212125 | 第一借阅区/ [索取号:D569/152] | 在馆 | |
| 3 | 0521213 | 205212134 | 第一借阅区/ [索取号:D569/152] | 在馆 | |
| 4 | 0521214 | 205212143 | 第一借阅区/ [索取号:D569/152] | 在馆 | |
| 5 | 0521215 | 205212152 | 第一借阅区/ [索取号:D569/152] | 在馆 | |
| 6 | 0521216 | 205212161 | 第一借阅区/ [索取号:D569/152] | 在馆 | |
| 7 | 0521217 | 205212170 | 第一借阅区/ [索取号:D569/152] | 在馆 | |
| 8 | 0521218 | 205212189 | 第一借阅区/ [索取号:D569/152] | 在馆 |